| 000 | 00994nam a2200289 i 4500 | ||
|---|---|---|---|
| 001 | bg | ||
| 003 | BPK | ||
| 005 | 20200930133824.0 | ||
| 008 | 980713s1996 pl a f |000 0 eng | ||
| 015 | _aPB 1997/10992 | ||
| 040 |
_aWA N _cBPK |
||
| 041 | 0 |
_aeng _bpol |
|
| 080 | _a624.01/.07:531 | ||
| 080 | _a533.6 | ||
| 080 | _a534 | ||
| 100 | 1 |
_aFlaga, Andrzej _d(1951- ) _eAutor |
|
| 245 | 1 | 0 |
_aWind vortex-induced excitation and vibration of slender structures : _bsingle structure of circular cross-section normal to flow / _cAndrzej Flaga. |
| 260 |
_aCracow : _bCUT, _c1996. |
||
| 300 |
_a286 s. : _brys., wykr. ; _c24 cm. |
||
| 490 | 1 | _aMonograph / Cracow University of Technology. Civil Engineering Series. | |
| 504 | _aBibliogr. s. 262-278. - Streszcz. | ||
| 650 | 4 | _aDrgania | |
| 650 | 4 | _aMechanika budowli | |
| 650 | 4 | _aAerodynamika | |
| 830 | 0 |
_aMonografia - Politechnika Krakowska im. Tadeusza Kościuszki. _pInżynieria Lądowa |
|
| 942 |
_2UKD _cKS |
||
| 999 |
_c31575 _d31575 |
||